Sinh học phân tử : Dùng cho đào tạo dược sĩ đại học /

Guardado en:
Detalles Bibliográficos
Autor Corporativo: Bộ Y tế.
Otros Autores: Nguyễn Văn Thanh, GS.TS (chủ biên.)
Formato: Sách giấy
Lenguaje:Vietnamese
Publicado: H. : Giáo dục, 2007.
Materias:
Etiquetas: Agregar Etiqueta
Sin Etiquetas, Sea el primero en etiquetar este registro!
Thư viện lưu trữ: Thư viện Trường Đại học Đà Lạt
LEADER 00862nam a2200313 4500
001 DLU110122190
005 ##20110602
040 # # |a DLU  |b vie 
041 # # |a vie 
044 # # |a vn 
082 # # |a 572.8  |b Sin 
245 # # |a Sinh học phân tử :  |b Dùng cho đào tạo dược sĩ đại học /  |c Bộ Y tế; Nguyễn Văn Thanh chủ biên. 
260 # # |a H. :  |b Giáo dục,  |c 2007. 
300 # # |a 219 tr. :  |b minh hoạ ;  |c 27 cm. 
504 # # |a Tài liệu tham khảo: tr.219. 
650 # # |a Sinh học phân tử  |v Giáo trình. 
700 # # |a Nguyễn Văn Thanh,  |c GS.TS,  |e chủ biên. 
710 # # |a Bộ Y tế. 
923 # # |a 01/2011SH 
991 # # |a GT 
992 # # |a 47000 
994 # # |a KSH 
900 # # |a True 
911 # # |a Đào Thị Thu Huyền 
925 # # |a G 
926 # # |a A 
927 # # |a SH 
980 # # |a Thư viện Trường Đại học Đà Lạt